000 00610nam a2200193Ia 4500
005 20250508165413.0
008 008 250505s9999 xx 000 0 hin d
037 _aDissertations
040 _aFEDL
_beng
_cFEDL
041 _ahin
_2eng
084 _a371.1, YAD/DI
_qFEDL
100 _aYadav Priyanka
_9554178
245 0 _aVidya- mandir mein adhyapak nirman ki prakriyaon evam karyakramon ka ek vishleshnatmak adhyayan
260 _c2014
300 _a113p.
546 _aM.Ed. Dissertation, (Delhi University); C D Included
942 _cDIS
_h371.1, YAD/DI
999 _c1394928
_d1394928